000
00299nam a2200121Ia 4500
008
190216s9999||||xx |||||||||||||| ||und||
100
_a
John G Webster
245
0
_a
Medical Instrumentation Application And Design
260
_b
Wiley India
_c
2011
300
_a
691
650
_a
Physics
942
_c
BK
999
_c
34336
_d
34336